Konkurencieschopnosť destinácií v kontexte udržateľného cestovného ruchu: teoretický prehľad

Saved in:
Bibliographic Details
Main Author: Gombitová, Diana, 2001-
Format: Book Chapter
Language:Slovak
Tags: Add Tag
No Tags, Be the first to tag this record!

MARC

LEADER 00000naa$a2200000$$$4500
001 0314432
005 20260123095923.5
041 0 |a slo 
044 |a SK 
245 1 0 |a Konkurencieschopnosť destinácií v kontexte udržateľného cestovného ruchu: teoretický prehľad  |c Diana Gombitová 
100 1 |a Gombitová, Diana, 2001-